[Event "GER-ch Blitz 2019"]
[Site "Magdeburg"]
[Date "2019.05.25"]
[Round "1.1"]
[White "Gustafsson, Jan"]
[Black "Schmaltz, Roland"]
[Result "0-1"]
[WhiteElo "2639"]
[BlackElo "2461"]
[Annotator "TA"]
[PlyCount "120"]
[EventDate "2019.05.25"]
[EventType "tourn"]
[EventCountry "GER"]
[Tiebreak "Number of wins+Number of black wins"]
[SourceTitle "playchess.com"]
[Source "ChessBase"]
[SourceQuality "1"]

{[%evp 20,120,71,40,103,59,58,59,62,58,67,58,61,61,58,51,62,11,11,10,27,17,37,
14,23,0,0,0,35,48,50,16,56,-6,37,11,46,0,25,0,24,0,-4,-12,0,-31,0,14,64,0,72,
70,78,92,85,0,81,44,41,11,31,20,91,-233,-204,-307,-309,-316,-308,-413,-389,
-389,-385,-478,-464,-522,-357,-371,-386,-592,-581,-527,-361,-376,-300,-294,
-289,-269,-222,-539,-164,-144,-38,-172,-126,-197,-187,-233,-215,-894,-914,-866,
-858]} 1. Nf3 Nf6 2. c4 g6 3. Nc3 Bg7 4. e4 d6 5. d4 O-O 6. Be2 e5 7. Be3 Na6
8. O-O c6 9. d5 Ng4 10. Bg5 f6 11. Bd2 (11. Bh4 {feels hotter.} Qd7 12. Nd2 Nh6
13. a3 Nc7 14. f3) 11... c5 {E94: King's Indian: Classical: 6 Be2 e5 7 0-0:
Various Black 7th moves} ({Black should try} 11... f5 $14) 12. Ne1 Nh6 13. Nd3
Nf7 {White is slightly better.} 14. a3 Bd7 15. b4 b6 16. Rb1 f5 17. exf5 $146 (
{Predecessor:} 17. f4 Qe7 18. bxc5 Nxc5 19. Nxc5 bxc5 {0-1 (30) Grigorian,S 
(2384)-Chigaev,M (2634) Karlsruhe 2019}) 17... gxf5 18. f4 ({White should play
} 18. f3 $14) 18... e4 $11 19. Nc1 Kh8 20. Kh1 Rg8 21. Bh5 Qf6 22. N3e2 Nh6 23.
Ng3 Qh4 24. Be1 Qe7 25. Nce2 Rac8 {next ...cxb4 is good for Black.} 26. Qb3 (
26. b5 $1 $14 Nc7 27. a4) 26... Bf6 27. Bf2 Ng4 28. Bg1 (28. Bxg4 $5 Rxg4 29.
Nh5 $11) 28... Rg7 29. Rfe1 Rcg8 30. Nf1 Bh4 {Hoping for ...Nf6.} 31. Neg3 Nf6
{aiming for ...Bxg3.} 32. Bd1 Rg6 33. Bf2 {And now Nxf5! would win.} Rh6 (33...
Ng4 $5 {[%cal Rg4f2]} 34. Bxg4 Rxg4 $15) 34. Kg1 ({Better is} 34. Qb2 $14)
34... Qg7 (34... Ng4 $11) 35. Ne3 $16 Qg6 36. Qb2 Rg7 37. Re2 (37. b5 $16 Nc7
38. Rf1) 37... Ng8 (37... Bxg3 $11 38. Bxg3 Nh5) 38. Rd2 Bf6 39. Qc2 Bd4 40.
Qb3 Nf6 (40... Ne7 $11) 41. Be2 $2 {[%mdl 8192]} (41. Nef1 $1 $16 {and life is
bright.}) 41... Rh4 $1 $19 42. Rbd1 (42. Rxd4 $142 cxd4 43. Nexf5 $1 {[%mdl
512]} Bxf5 44. Bxd4) 42... Rxf4 43. Rxd4 cxd4 44. Rxd4 {[#]} Rxf2 $1 {[%mdl
576] Clearance} 45. Kxf2 f4 46. Ngf1 fxe3+ 47. Nxe3 Qg5 {White must now
prevent ...Qh4+.} 48. g3 Qe5 49. Qc3 (49. Rd2 $142) 49... Rf7 50. Ke1 Nc7 51.
Kd2 {[#]} a5 $1 52. Kc2 (52. bxa5 Na6) 52... axb4 53. axb4 Na6 {Strongly
threatening ...Nxb4+!} 54. Rd1 $2 (54. Rd2 {nothing else works.}) 54... Qxc3+
$2 (54... Ba4+ 55. Kd2 Bxd1 56. Qxe5 dxe5 57. Bxd1 Nxb4) 55. Kxc3 Kg7 {[#]} (
55... Bc8 $17 56. g4 h6) 56. Ra1 (56. c5 $1 $15 {[%mdl 512]}) 56... Bc8 57. Nc2
(57. g4 $17) 57... Nc7 58. Nd4 {[#]} b5 $1 59. Ra7 $2 {[#]} (59. Nxb5 Nxb5+ 60.
cxb5) (59. cxb5 Nfxd5+) 59... Ncxd5+ $1 60. cxd5 Nxd5+ {Accuracy: White = 24%,
Black = 33%.} 0-1

[Event "GER-ch Blitz 2019"]
[Site "Magdeburg"]
[Date "2019.05.25"]
[Round "1.2"]
[White "Kopylov, Daniel"]
[Black "Stein, Robert"]
[Result "0-1"]
[WhiteElo "2263"]
[BlackElo "2318"]
[Annotator "TA"]
[PlyCount "62"]
[EventDate "2019.05.25"]
[EventType "tourn"]
[EventCountry "GER"]
[Tiebreak "Number of wins+Number of black wins"]
[SourceTitle "playchess.com"]
[Source "ChessBase"]
[SourceQuality "1"]

{[%evp 9,61,-8,3,-27,-22,-23,-28,-42,0,0,-12,-33,-39,-75,-58,-89,-92,-83,-87,
-79,-94,-262,-119,-123,-62,-78,-89,-87,-95,-100,-76,-103,-85,-388,-379,-454,
-420,-422,-359,-430,-432,-773,-461,-753,-745,-637,-433,-499,-495,-29994,-29995,
-29998,-29999,-29999]} 1. e4 e5 2. Nf3 Nc6 3. Nc3 Bc5 4. g3 (4. Nxe5 Nxe5 5. d4
Bd6 6. dxe5 Bxe5 7. f4 Bxc3+ 8. bxc3 Qe7 9. Bd3 d5 10. e5 Qh4+ 11. g3 Qh3 12.
Bf1 Qe6 13. Bg2 Ne7 14. Ba3 Qc6 15. Qd2 Be6 16. O-O {1-0 (44) Kovalev,V (2683)
-Nozdrachev,V (2486) St Petersburg 2018}) 4... d6 5. Bg2 f5 6. exf5 {C46: 3
Nc3: Unusual Black 3rd moves} Bxf5 7. Nh4 $146 ({Predecessor:} 7. O-O Qd7 8. d3
O-O-O 9. Be3 Bxe3 10. fxe3 Kb8 11. e4 Bg6 {1-0 (51) Bitalzadeh,M (1298)
-Slotboom,A (1066) Rijswijk 2006}) 7... Be6 8. Ne4 {Black has an edge.} Nf6 (
8... Bb6 {looks sharper.} 9. d3 Qd7 10. Be3 Nge7 11. Bf3 O-O) 9. Nxc5 dxc5 10.
O-O Qd7 11. a3 Bd5 12. Re1 Bxg2 13. Kxg2 O-O-O 14. d3 {[#]} c4 $1 {[%mdl 512]}
15. Nf3 $2 {[#]} (15. Bg5 $17 {keeps fighting.}) (15. dxc4 Qxd1) 15... cxd3 (
15... e4 $1 $19 {[%cal Re4f3][%mdl 512] has better winning chances.} 16. Ng5 (
16. dxe4 Qxd1) 16... exd3 17. cxd3 cxd3) 16. Qxd3 $17 {[#]} Qe6 ({Of course not
} 16... Qxd3 $6 17. cxd3 Rhe8 18. Re3 $11) (16... e4 $1 $17 {[%cal Re4d3]} 17.
Qxd7+ Rxd7) 17. Qe2 e4 18. Ng5 Qd5 $36 {[%mdl 2048] Threatens to win with ...
Nd4. Black is in control.} 19. Be3 h6 20. Rad1 {[#]} Qf5 $1 ({Much weaker is} 
20... Qa2 $6 21. Nxe4 Rxd1 22. Rxd1 $14 (22. Qxd1 Rd8 $11)) 21. Nf7 $2 {
[%mdl 8192]} (21. Rxd8+ $17 {is more resistant.} Rxd8 22. Nh3) 21... Rxd1 $19
22. Nxh8 Rd8 23. Nf7 Rf8 24. Nxh6 gxh6 25. Bxh6 (25. f4 $142) 25... Re8 26. Bf4
(26. Be3 $142 Ne5 27. h4) 26... Nd5 27. Be3 Ne5 28. Rd1 Nf3 {( -> ...Rh8)} 29.
c4 (29. h3 $19) 29... Rh8 {Black mates.} 30. Rxd5 Qh3+ 31. Kh1 Qxh2# {Accuracy:
White = 21%, Black = 53%.} 0-1

[Event "GER-ch Blitz 2019"]
[Site "Magdeburg"]
[Date "2019.05.25"]
[Round "1.3"]
[White "Zuyev, Igor"]
[Black "Zelbel, Patrick"]
[Result "1-0"]
[WhiteElo "2447"]
[BlackElo "2439"]
[Annotator "TA"]
[PlyCount "65"]
[EventDate "2019.05.25"]
[EventType "tourn"]
[EventCountry "GER"]
[Tiebreak "Number of wins+Number of black wins"]
[SourceTitle "playchess.com"]
[Source "ChessBase"]
[SourceQuality "1"]

{[%evp 14,64,1,-16,0,0,-18,-11,0,-30,-36,-45,-9,-31,-36,-40,-42,-39,-41,-80,
-40,-35,6,-7,0,-40,22,31,70,63,57,52,404,399,537,545,547,543,864,641,586,279,
299,293,377,301,693,677,1160,1160,29998,29999,29999]} 1. e4 e5 2. Nf3 Nc6 3. d4
exd4 4. Bc4 Nf6 5. e5 d5 6. Bb5 Nd7 7. O-O Be7 8. Re1 O-O {C56: Two Knights: 4
d4 exd4 5 0-0 Nxe4} 9. Bxc6 bxc6 {[%cal Bb7c6,Bc6c5][%mdl 32]} 10. Nxd4 Nb8 {
The position is equal.} 11. f4 (11. Qf3 c5 12. Nf5 Bxf5 13. Qxf5 Qd7 14. Qxd7
Nxd7 15. Nc3 c6 16. b3 {1-0 (47) Mamedov,R (2703)-Postny,E (2615) St
Petersburg 2018}) 11... c5 12. Nf3 Bf5 $146 ({Predecessor:} 12... Nc6 13. Nc3
Be6 14. f5 Bxf5 15. Nxd5 Nb4 16. Nxb4 cxb4 {0-1 (51) Kizatbay,A (2065)
-Esipenko,A (2540) Montevideo 2017}) 13. Nbd2 {[%cal Bb1d2,Bd2f1,Bf1g3][%mdl
32]} Nc6 {Hoping for ...Nb4.} 14. Nf1 Qd7 15. Ng3 Bg4 16. b3 {[#]} Nd4 $1 {
[%mdl 512]} 17. Qd3 (17. Nxd4 Bxd1) 17... Bxf3 18. gxf3 Bh4 {Strongly
threatening ...Bxg3.} 19. Kg2 (19. c3 $5 {[%cal Rc3d4]} Nc6 20. Re2 $11) 19...
g6 (19... f5 $1 $15) 20. Be3 Ne6 $1 21. f5 gxf5 22. Qxf5 {Qg4+ is the strong
threat.} Bxg3 $4 {[%mdl 8192]} (22... Kh8 $14) 23. hxg3 $18 Rad8 24. Rh1 {
[%csl Gh1][%cal Rf5h7]} f6 25. exf6 Qf7 26. Rh6 d4 27. Bf2 (27. Bd2 $142 Rfe8
28. Qg4+ Kh8 {[#]} 29. Rxh7+ $3 {[%mdl 512]} Qxh7 30. Rh1 $1 {[%mdl 512]} Qxh1+
31. Kxh1) 27... Rd5 28. Qe4 {aiming for Rxh7.} ({Worse is} 28. Qxd5 Nf4+ 29.
gxf4 Qxd5 $17) 28... Re8 29. Rah1 {[%cal Rh6h7]} ({Inferior is} 29. Qxd5 Nf4+
30. gxf4 Qxd5 $17) 29... Ng5 $2 (29... Nf8 30. Qg4+ Kh8) 30. Qg4 Qe6 {
intending ...Qxg4.} 31. Rxh7 {Rg7+ would kill now.} Qxg4 32. Rg7+ Kf8 33. Rh8#
{Accuracy: White = 47%, Black = 35%.} 1-0

[Event "GER-ch Blitz 2019"]
[Site "Magdeburg"]
[Date "2019.05.25"]
[Round "1.4"]
[White "Schulze, Marc"]
[Black "Frischmann, Rick"]
[Result "1-0"]
[WhiteElo "2220"]
[BlackElo "2320"]
[Annotator "ChessBase"]
[PlyCount "79"]
[EventDate "2019.05.25"]
[EventType "tourn"]
[EventCountry "GER"]
[Tiebreak "Number of wins+Number of black wins"]
[SourceTitle "playchess.com"]
[Source "ChessBase"]
[SourceQuality "1"]
[TimeControl "180+2"]

1. d4 {[%emt 0:00:00]} d5 {[%emt 0:00:00]} 2. Bf4 {[%emt 0:00:01]} Nc6 {
[%emt 0:00:00]} 3. e3 {[%emt 0:00:00]} Nf6 {[%emt 0:00:00]} 4. Nf3 {[%emt 0:00:
01]} Bg4 {[%emt 0:00:01]} 5. c4 {[%emt 0:00:02]} e6 {[%emt 0:00:00]} 6. Nc3 {
[%emt 0:00:00]} Bb4 {[%emt 0:00:01]} 7. a3 {[%emt 0:00:08]} Bxc3+ {[%emt 0:00:
01]} 8. bxc3 {[%emt 0:00:01]} O-O {[%emt 0:00:03]} 9. Rb1 {[%emt 0:00:03]} b6 {
[%emt 0:00:05]} 10. cxd5 {[%emt 0:00:04]} Nxd5 {[%emt 0:00:07]} 11. Rc1 {
[%emt 0:00:47]} Nxf4 {[%emt 0:00:03]} 12. exf4 {[%emt 0:00:01]} Qd6 {[%emt 0:
00:01]} 13. g3 {[%emt 0:00:02]} Qxa3 {[%emt 0:00:05]} 14. Be2 {[%emt 0:00:02]}
Rad8 {[%emt 0:00:08]} 15. O-O {[%emt 0:00:02]} Bxf3 {[%emt 0:00:07]} 16. Bxf3 {
[%emt 0:00:02]} Na5 {[%emt 0:00:05]} 17. Qe2 {[%emt 0:00:07]} c5 {[%emt 0:00:
07]} 18. dxc5 {[%emt 0:00:06]} Qxc5 {[%emt 0:00:02]} 19. Rfd1 {[%emt 0:00:07]}
g6 {[%emt 0:00:05]} 20. h4 {[%emt 0:00:01]} h5 {[%emt 0:00:20]} 21. Kg2 {
[%emt 0:00:04]} Nc4 {[%emt 0:00:18]} 22. Qe4 {[%emt 0:00:22]} Nb2 {[%emt 0:00:
15]} 23. Rxd8 {[%emt 0:00:06]} Rxd8 {[%emt 0:00:01]} 24. Be2 {[%emt 0:00:05]}
Rd2 {[%emt 0:00:24]} 25. Rc2 {[%emt 0:00:08]} Rxc2 26. Qxc2 {[%emt 0:00:01]}
Nc4 {[%emt 0:00:15]} 27. Qa4 {[%emt 0:00:01]} b5 {[%emt 0:00:28]} 28. Qa6 {
[%emt 0:00:06]} Nd6 {[%emt 0:00:03]} 29. Bf3 {[%emt 0:00:18]} Kg7 {[%emt 0:00:
01]} 30. Qa1 {[%emt 0:00:01]} Nc4 {[%emt 0:00:07]} 31. Be2 {[%emt 0:00:06]} Nd6
{[%emt 0:00:17]} 32. Bf3 {[%emt 0:00:04]} Kh7 {[%emt 0:00:05]} 33. Qa6 {
[%emt 0:00:07]} Nc4 {[%emt 0:00:06]} 34. Be2 Qd5+ {[%emt 0:00:06]} 35. Kg1 {
[%emt 0:00:16]} Qe4 {[%emt 0:00:08]} 36. Bxc4 {[%emt 0:00:05]} Qxc4 {[%emt 0:
00:04]} 37. Qxa7 {[%emt 0:00:03]} Kg7 {[%emt 0:00:04]} 38. Qe3 {[%emt 0:00:03]}
Qd5 {[%emt 0:00:01]} 39. Kh2 {[%emt 0:00:03]} Kh7 {[%emt 0:00:01]} 40. Kg1 {
[%emt 0:00:02]} 1-0

[Event "GER-ch Blitz 2019"]
[Site "Magdeburg"]
[Date "2019.05.25"]
[Round "1.5"]
[White "Hirneise, Jens"]
[Black "Svane, Frederik"]
[Result "1-0"]
[WhiteElo "2375"]
[BlackElo "2342"]
[Annotator "NA RC"]
[PlyCount "27"]
[EventDate "2019.05.25"]
[EventType "tourn"]
[EventCountry "GER"]
[Tiebreak "Number of wins+Number of black wins"]
[SourceTitle "playchess.com"]
[Source "ChessBase"]
[SourceQuality "1"]
[TimeControl "180+2"]

1. e4 {[%emt 0:00:00]} c5 {[%emt 0:00:00]} 2. Nf3 {[%emt 0:00:00]} e6 {[%emt 0:
00:00]} 3. d4 {[%emt 0:00:00]} cxd4 {[%emt 0:00:01]} 4. Nxd4 {[%emt 0:00:01]}
a6 {[%emt 0:00:01]} 5. Nc3 {[%emt 0:00:01]} Qc7 {[%emt 0:00:01]} 6. Bd3 {
[%emt 0:00:01]} Bc5 {[%emt 0:00:06]} 7. Nb3 {[%emt 0:00:01]} Ba7 {[%emt 0:00:
01]} 8. Qg4 {[%emt 0:00:06]} g6 $16 {[%emt 0:00:13]} (8... Kf8 $142) 9. Bf4 {
[%emt 0:00:14]} d6 {[%emt 0:00:49]} 10. Qg3 {[%emt 0:00:04]} e5 {[%emt 0:00:10]
} 11. Nd5 {[%emt 0:00:04]} Qc6 {[%emt 0:01:32]} 12. Bxe5 {[%emt 0:00:04]} f6 {
[%emt 0:00:27]} 13. Bxd6 {[%emt 0:00:05]} Kf7 {[%emt 0:00:02]} 14. Nc7 {
[%emt 0:00:14]} 1-0

[Event "GER-ch Blitz 2019"]
[Site "Magdeburg"]
[Date "2019.05.25"]
[Round "1.6"]
[White "Heidrich, Manfred"]
[Black "Stern, Rene"]
[Result "1-0"]
[WhiteElo "2351"]
[BlackElo "2538"]
[Annotator "TA"]
[PlyCount "97"]
[EventDate "2019.05.25"]
[EventType "tourn"]
[EventCountry "GER"]
[Tiebreak "Number of wins+Number of black wins"]
[SourceTitle "playchess.com"]
[Source "ChessBase"]
[SourceQuality "1"]

{[%evp 24,97,0,0,0,0,0,0,0,0,0,0,0,-25,-18,-31,-26,-33,-35,-49,-49,-57,-43,-47,
-30,-43,-32,-39,124,125,156,156,156,140,142,137,157,157,191,189,160,141,145,
145,167,152,162,141,133,83,134,124,316,83,316,109,122,112,233,231,293,246,
29955,29950,29957,29961,29951,29943,12840,6107,29978,29979,29983,29982,29985,
29985]} 1. e4 e5 2. Nf3 Nc6 3. d4 exd4 4. Nxd4 Nf6 5. Nxc6 bxc6 6. e5 Qe7 7.
Qe2 Nd5 8. c4 Ba6 9. b3 g6 10. g3 Bg7 11. Bb2 O-O 12. Bg2 Rae8 13. O-O $1 Bxe5
{C45: Scotch Game} 14. Bxe5 Qxe5 15. Qxe5 Rxe5 {The position is equal.} 16.
cxd5 {And now Rd1 would win.} Bxf1 17. Kxf1 cxd5 18. Nc3 (18. f4 $5 {[%cal
Rf4e5]} Re3 19. Bxd5 $11) 18... c6 $1 19. Rd1 a5 (19... Rfe8 20. Bf3 Kf8 21.
Ne2 {1/2-1/2 (41) Aronian,L (2765)-Amin,B (2709) Germany 2019}) 20. Bf3 Rb8 21.
Kg2 $146 ({Predecessor:} 21. Na4) 21... Kf8 22. Rd4 Rb4 23. Rd1 f5 24. Na4 Ke7
25. Nc5 {White wants to play Nd3.} Kd6 $2 (25... Rb8 $15 {stays ahead.}) 26.
Nd3 $1 $16 {[%csl LRb4,LRe5][%mdl 64] [#] Double Attack} Re8 27. Nxb4 axb4 {
[%mdl 4096] Endgame KRB-KR} 28. Rd2 Re1 29. h4 h6 30. Be2 g5 31. hxg5 hxg5 32.
Bd3 Ke5 33. Kf3 g4+ 34. Kg2 Rc1 35. Re2+ Kf6 36. f3 gxf3+ (36... Rc3 $142 37.
Rd2 gxf3+ 38. Kxf3 Ke5) 37. Kxf3 Rc3 $2 {[#]} (37... Rd1 $16) 38. Rd2 $2 (38.
Ke3 $1 $18) 38... c5 $2 (38... Kg5 $16) 39. Kf2 $2 (39. Kf4 $18 {is the
precise move to win.}) 39... c4 40. Bc2 Ke5 (40... Ke6 $16 {was called for.}
41. Kg2 Re3) 41. Kg2 $18 f4 42. Re2+ Re3 $2 (42... Kf6 $18 43. gxf4 d4) 43.
Rxe3+ fxe3 {KB-KP} 44. Kf3 Kd4 45. Ke2 Kc3 46. Bf5 cxb3 47. axb3 {White mates.}
d4 48. g4 Kxb3 49. g5 {Accuracy: White = 51%, Black = 22%.} 1-0

[Event "GER-ch Blitz 2019"]
[Site "Magdeburg"]
[Date "2019.05.25"]
[Round "1.7"]
[White "Schulz, Karsten"]
[Black "Kirchner, Thomas"]
[Result "0-1"]
[WhiteElo "2227"]
[BlackElo "2311"]
[Annotator "TA"]
[PlyCount "86"]
[EventDate "2019.05.25"]
[EventType "tourn"]
[EventCountry "GER"]
[Tiebreak "Number of wins+Number of black wins"]
[SourceTitle "playchess.com"]
[Source "ChessBase"]
[SourceQuality "1"]

{[%evp 13,86,24,39,27,27,4,0,0,14,-4,10,20,10,12,0,0,0,0,0,-10,-10,-18,-7,-15,
-27,-29,-7,-8,-7,-14,-12,-23,0,0,0,2,0,0,0,-6,0,-28,-10,-73,-79,-75,-64,-112,
-112,-116,-106,-116,-94,-110,-39,-40,0,0,0,0,0,-85,0,-235,-229,-1438,-1400,
-2157,-1102,-29984,-29985,-29984,-29985,-29984,-29985]} 1. Nf3 Nf6 2. g3 g6 3.
b3 Bg7 4. Bb2 O-O 5. Bg2 d5 6. c4 c6 7. O-O e6 8. Qc2 {A11: English Opening: 1.
..c6} (8. d3 b6 9. Nbd2 Bb7 10. e4 c5 11. exd5 exd5 12. d4 Nbd7 13. Rc1 Rc8 14.
Re1 cxd4 15. Bxd4 Nc5 16. Ne5 {1-0 (65) Fressinet,L (2717)-Dubov,D (2614)
Dubai 2014}) 8... b6 9. d3 Bb7 10. Nbd2 {The position is equal.} Nbd7 11. Rad1
Rc8 12. e4 c5 $146 ({Predecessor:} 12... Qe7 13. Rfe1 Rfe8 14. Qb1 Qf8 15. e5
Nh5 16. Nf1 {1-0 (36) Al Huwar,J (2317)-Elayyash,R Beirut 2009}) 13. exd5 exd5
14. Ne5 Qc7 15. Nxd7 Qxd7 16. Nf3 {[%cal Bd2f3,Bf3e5,Be5c6,Bc6e7,Be7d5][%mdl
32]} Rfe8 17. Rfe1 Rcd8 18. Ne5 Qc7 19. f4 d4 20. Bxb7 Qxb7 21. Qg2 Qc7 22. h3
Nd7 {[%cal Rd7e5]} 23. Nc6 Ra8 24. Ne7+ Kf8 25. Nd5 Qd6 26. Qf2 b5 27. Bc1 (27.
f5 {feels hotter.} Rxe1+ 28. Rxe1 Ne5 29. Qf1 Re8 30. Re2) 27... bxc4 28. dxc4
(28. bxc4 $11 {keeps the balance.} Nb6 29. Nxb6 axb6 30. Rxe8+ Rxe8 31. Re1)
28... Nb6 $17 29. Nxb6 axb6 30. Rxe8+ Rxe8 31. Re1 Rxe1+ 32. Qxe1 d3 33. Kh2
Bf6 (33... f5 $17 34. Bd2 Qc6) 34. Bd2 $15 h5 35. Qe4 Kg7 36. Kg2 Qd7 37. Kh2 (
37. a4 $11) 37... b5 ({Black should try} 37... Ba1 $17) 38. Kg2 $2 {[#]} (38.
cxb5 $11 Qxb5 39. Qc4) 38... b4 $1 $19 39. Kh2 $2 (39. Qe3) 39... Bc3 40. Qe3
Qd4 41. Qe1 Bxd2 {Black mates.} 42. Qxd2 Qc3 43. Qe3 d2 {Accuracy: White = 22%,
Black = 53%.} 0-1

[Event "GER-ch Blitz 2019"]
[Site "Magdeburg"]
[Date "2019.05.25"]
[Round "1.8"]
[White "Kopylov, Michael"]
[Black "Carow, Johannes"]
[Result "0-1"]
[WhiteElo "2413"]
[BlackElo "2445"]
[Annotator "ChessBase"]
[PlyCount "90"]
[EventDate "2019.05.25"]
[EventType "tourn"]
[EventCountry "GER"]
[Tiebreak "Number of wins+Number of black wins"]
[SourceTitle "playchess.com"]
[Source "ChessBase"]
[SourceQuality "1"]
[TimeControl "180+2"]

1. d4 {[%emt 0:00:00]} d5 {[%emt 0:00:00]} 2. c4 {[%emt 0:00:00]} dxc4 {
[%emt 0:00:00]} 3. e4 {[%emt 0:00:04]} Nf6 {[%emt 0:00:02]} 4. Nc3 {[%emt 0:00:
09]} e5 {[%emt 0:00:05]} 5. Nf3 {[%emt 0:00:01]} exd4 {[%emt 0:00:09]} 6. Qxd4
{[%emt 0:00:01]} Qxd4 {[%emt 0:00:09]} 7. Nxd4 {[%emt 0:00:01]} c6 {[%emt 0:01:
02]} 8. Bxc4 {[%emt 0:00:13]} Nbd7 {[%emt 0:00:12]} 9. f3 {[%emt 0:00:09]} g6 {
[%emt 0:00:09]} 10. Be3 {[%emt 0:00:02]} Bg7 {[%emt 0:00:01]} 11. O-O-O {
[%emt 0:00:07]} O-O {[%emt 0:00:05]} 12. Be2 {[%emt 0:00:16]} Re8 {[%emt 0:00:
03]} 13. g4 {[%emt 0:00:10]} a6 {[%emt 0:00:13]} 14. Nb3 {[%emt 0:00:22]} b6 {
[%emt 0:00:20]} 15. h4 {[%emt 0:00:43]} Bf8 {[%emt 0:00:20]} 16. h5 {[%emt 0:
00:06]} c5 {[%emt 0:00:12]} 17. hxg6 {[%emt 0:00:07]} hxg6 {[%emt 0:00:02]} 18.
g5 {[%emt 0:00:04]} Nh5 {[%emt 0:00:08]} 19. Nd5 {[%emt 0:00:18]} Ra7 {[%emt 0:
00:10]} 20. Rh3 {[%emt 0:00:24]} Bg7 {[%emt 0:00:07]} 21. Rh4 {[%emt 0:00:11]}
Bb7 {[%emt 0:00:09]} 22. Nc7 {[%emt 0:00:05]} Re7 {[%emt 0:00:01]} 23. f4 {
[%emt 0:00:02]} Bxe4 24. Rh3 {[%emt 0:00:10]} Rxc7 {[%emt 0:00:04]} 25. Bxh5 {
[%emt 0:00:01]} gxh5 {[%emt 0:00:01]} 26. Rxh5 Bg6 {[%emt 0:00:01]} 27. Rh3 {
[%emt 0:00:01]} Bf5 {[%emt 0:00:00]} 28. Rg3 {[%emt 0:00:01]} Nf8 {[%emt 0:00:
01]} 29. Rd8 {[%emt 0:00:02]} Rcd7 {[%emt 0:00:01]} 30. Ra8 {[%emt 0:00:01]} a5
{[%emt 0:00:01]} 31. Nd2 {[%emt 0:00:01]} Rd3 {[%emt 0:00:02]} 32. Bf2 {
[%emt 0:00:00]} Rxg3 {[%emt 0:00:01]} 33. Bxg3 {[%emt 0:00:00]} Kh7 {[%emt 0:
00:01]} 34. Rb8 {[%emt 0:00:00]} Nd7 {[%emt 0:00:02]} 35. Rb7 {[%emt 0:00:00]}
Bd4 {[%emt 0:00:02]} 36. Bh4 {[%emt 0:00:00]} Kg6 {[%emt 0:00:02]} 37. Nf3 {
[%emt 0:00:00]} Bg7 {[%emt 0:00:02]} 38. Bf2 {[%emt 0:00:00]} Kh5 {[%emt 0:00:
02]} 39. Nd2 {[%emt 0:00:00]} Bf8 {[%emt 0:00:02]} 40. Nc4 {[%emt 0:00:00]} Kg4
{[%emt 0:00:03]} 41. Nxb6 Nxb6 {[%emt 0:00:01]} 42. Rxb6 {[%emt 0:00:00]} c4 {
[%emt 0:00:03]} 43. Rc6 {[%emt 0:00:00]} Bd3 {[%emt 0:00:02]} 44. Rf6 {[%emt 0:
00:00]} Bg7 {[%emt 0:00:02]} 45. Ra6 {[%emt 0:00:00]} Re2 {[%emt 0:00:01]} 0-1